Nepal City Quiz - Statistics

General Stats
  • This quiz has been taken 139 times
  • The average score is 5 of 12
Answer Stats
City % Correct
Kathmandu
97%
Pokhara
86%
Lalitpur
64%
Biratnagar
56%
Butwal
45%
Birgunj
35%
Janakpur
35%
Hetauda
31%
Itahari
30%
Bharatpur
24%
Dhangadhi
23%
Ghorahi
5%
No matching quizzes found
Score Distribution
Percent of People with Each Score
Percentile by Number Answered
Your Score History
You have not taken this quiz